hard English vocabulary - Statistics

General Stats
  • This quiz has been taken 12 times
  • The average score is 12 of 26
Answer Stats
Hint Answer % Correct
mesmerize bezaubern
86%
juxtaposition Gegenüberstellung
86%
lucid klar
71%
ubiquitous allgegenwärtig
57%
humility Bescheidenheit
57%
keen eifrig
57%
vain eitel
57%
debilitate entkräften
57%
nuanced fein differenziert
57%
tranquil friedvoll
57%
woe Leid
57%
copious reichlich
57%
bargain Schnäppchen
57%
gregarious gesellig
43%
yoke Joch
43%
albeit obgleich
43%
inept unangebracht
43%
furtive verstohlen
43%
skulduggery Betrügerei
29%
opaque blickdicht
29%
zest Reiz
29%
quagmire Morast
14%
xebec Schebecke (Dreimasterschiff)
14%
phlegmatic stoisch
14%
egregious unerhört
14%
reticent verschwiegen
14%
No matching quizzes found
Score Distribution
Percent of People with Each Score
Percentile by Number Answered
Your Score History
You have not taken this quiz